| 000 | 00424nam a2200169Ia 4500 | ||
|---|---|---|---|
| 008 | 230524s9999 xx 000 0 und d | ||
| 020 | _a1403909954 | ||
| 082 |
_a658 _bAGR |
||
| 100 | _aD K Agrawal | ||
| 245 | 0 | _aTextbook of Logistics and Supply Chain Management | |
| 250 | _aIST | ||
| 260 |
_aNEW DELHI _bMacmillan _c2008 |
||
| 300 | _aXVI;349 | ||
| 500 | _aQuantity Number: 14 | ||
| 650 | _aManagement | ||
| 942 | _cBK | ||
| 999 |
_c45583 _d45583 |
||